| 000 | 00000nam 2200000zi 4500 |
| 001 | 9.827513 |
| 003 | CaOODSP |
| 005 | 20241127142228 |
| 006 | m o d f |
| 007 | cr ||||||||||| |
| 008 | 161115s1914 oncab o f001 0 eng d |
| 040 | |aCaOODSP|beng|erda|cCaOODSP |
| 043 | |an-cn--- |
| 086 | 1 |aZ1-1912/1-1E-PDF |
| 110 | 1 |aCanada.|bNational Transcontinental Railway Investigating Commission, |eauthor, |eissuing body. |
| 245 | 10|aReport of the National Transcontinental Railway Investigating Commission. |
| 264 | 1|aOttawa : |bPrinted by the King's Printer to His Most Excellent Majesty, |c1914. |
| 300 | |a1 online resource (2 volumes) : |billustrations, maps. |
| 336 | |atext|btxt|2rdacontent |
| 337 | |acomputer|bc|2rdamedia |
| 338 | |aonline resource|bcr|2rdacarrier |
| 490 | 0 |aParliament. Sessional paper ; |vno. 123.A.1914 |
| 500 | |aIssued also in French under title: Rapport de la Commission d'Enquête sur la Construction du Chemin de Fer Transcontinental National. |
| 500 | |aDigitized edition from print [produced by the Privy Council Office of Canada]. |
| 500 | |aDigitized edition of Vol. II produced by Government of Canada Publications Directorate. |
| 500 | |aChairman: George Lynch-Stauton; commissioner: Frederick Passmore Gutelius. |
| 500 | |a"Printed by order of Parliament." |
| 500 | |aVol. II: Exhibits. |
| 500 | |aIncludes indexes. |
| 505 | 0 |a[V. 1. Report and evidence] -- v. 2. Exhibits. |
| 610 | 20|aNational Transcontinental Railway. |
| 650 | 0|aRailroads|zCanada|xDesign and Construction. |
| 650 | 0|aRailroads|zCanada|xConstruction. |
| 700 | 1 |aLynch-Stauton, George. |
| 710 | 1 |aCanada. |bPrivy Council Office, |eissuing body. |
| 775 | 08|tRapport de la Commission d'Enquête sur la Construction du Chemin de Fer Transcontinental National |w(CaOODSP)9.827518 |
| 856 | 40|qPDF|s9.14 MB|uhttps://publications.gc.ca/collections/collection_2016/bcp-pco/Z1-1912-1-1-1-eng.pdf |
| 856 | 40|qPDF|s9.15 MB|uhttps://publications.gc.ca/collections/collection_2016/bcp-pco/Z1-1912-1-1-2-eng.pdf |
| 856 | 40|qPDF|s8.40 MB|uhttps://publications.gc.ca/collections/collection_2016/bcp-pco/Z1-1912-1-1-3-eng.pdf |
| 856 | 40|qPDF|s8.82 MB|uhttps://publications.gc.ca/collections/collection_2016/bcp-pco/Z1-1912-1-1-4-eng.pdf |
| 856 | 40|qPDF|s8.48 MB|uhttps://publications.gc.ca/collections/collection_2016/bcp-pco/Z1-1912-1-1-5-eng.pdf |
| 856 | 40|qPDF|s9.23 MB|uhttps://publications.gc.ca/collections/collection_2016/bcp-pco/Z1-1912-1-1-6-eng.pdf |
| 856 | 40|qPDF|s48114 KB|uhttps://publications.gc.ca/collections/collection_2024/bcp-pco/Z1-1912-1-31-eng.pdf |